=LDR 00000nam 2200000 4500 =001 INLIS000000000011378 =005 20130612102940 =008 ***********************************Ind** =035 ##$$0010-061300000011378 =041 ##$$a Ind =082 ##$$a 959.862 =090 ##$$a 959.862, Mas m =100 ##$$a Masyhuda, m =245 ##$$a Monografi daerah Sulawesi Tengah, M.Masyhuda =260 ##$$a 1877 $b Jakarta =300 ##$$a ...Jil, 28 cm =650 ##$$a Monografi Sulawesi Tengah =850 ##$$a NBPNMAT